Exzellenzuniversitäten und Exzellenzcluster - Statistiken

Allgemein
  • Dieses Quiz wurde 21 mal gespielt
  • Das Durchschnittsergebnis liegt bei 23 aus 34
Antwortstatistiken
Stufe Name der Exzellenzcluster Universität % Korrekt
Exzellenzuniversität Das Fuel Science Center – Adaptive Umwandlungssysteme für erneuerbare Energie- und Kohlenstoffquellen,Internet of Production, Materie und Licht für Quanteninformation (ML4Q) Rheinisch-Westfälische Technische Hochschule Aachen
100%
Exzellenzuniversität Komplexität und Topologie in Quantenmaterialien (CT.QMAT),Centre for Tactile Internet with Human-in-the-Loop (CeTI), Komplexität und Topologie in Quantenmaterialien (CT.QMAT) Technische Universität Dresden
100%
Exzellenzuniversität Climate, Climatic Change, and Society (CLICCS),CUI: Advanced Imaging of Matter, Quantum Universe, Understanding Written Artefacts Universität Hamburg
92%
Exzellenzcluster CEPLAS - Exzellenzcluster für Pflanzenwissenschaften,ECONtribute: Märkte & Public Policy, Materie und Licht für Quanteninformation (ML4Q), CECAD - Exzellent in Alternsforschung Universität zu Köln
92%
Exzellenzcluster CIBSS - Centre for Integrative Biological Signalling Studies,Lebende, adaptive und energieautonome Materialsysteme (livMatS) Albert-Ludwigs-Universität Freiburg
83%
Exzellenzuniversität Individualisierung von Tumortherapien durch molekulare Bildgebung und funktionelle Identifizierung therapeutischer Zielstrukturen (iFIT),Kontrolle von Mikroorganismen zur Bekämpfung von Infektionen (CMFI), Maschinelles Lernen: Neue Perspektiven für die Wissenschaft Eberhard Karls Universität Tübingen
83%
Exzellenzcluster Cardio-Pulmonary Institute (CPI) Goethe-Universität Frankfurt am Main
83%
Exzellenzcluster CEPLAS - Exzellenzcluster für Pflanzenwissenschaften Heinrich-Heine-Universität Düsseldorf
83%
Exzellenzcluster Precision Physics, Fundamental Interactions and Structure of Matter (PRISMA+) Johannes Gutenberg-Universität Mainz
83%
Exzellenzuniversität 3D Designer Materialien,STRUKTUREN: Emergenz in Natur, Mathematik und komplexen Daten Ruprecht-Karls-Universität Heidelberg
83%
Exzellenzcluster Multiscale Bioimaging: Von molekularen Maschinen zu Netzwerken erregbarer Zellen Georg-August-Universität Göttingen
75%
Exzellenzcluster 3D Designer Materialien,POLiS - Post Lithium Storage Cluster of Excellence Karlsruher Institut für Technologie (KIT)
75%
Exzellenzuniversität Bonn Center for Dependency and Slavery Studies (BCDSS),Hausdorff Center for Mathematics (HCM), PhenoRob - Robotik und Phänotypisierung für Nachhaltige Nutzpflanzenproduktion, ImmunoSensation2 - the immune sensory system, ECONtribute: Märkte & Public Policy, Materie und Licht für Quanteninformation (ML4Q), Rheinische Friedrich-Wilhelms-Universität Bonn
75%
Exzellenzcluster RESOLV (Ruhr Explores Solvation),Cyber-Sicherheit im Zeitalter großskaliger Angreifer (CASA) Ruhr-Universität Bochum
75%
Exzellenzcluster RESOLV (Ruhr Explores Solvation) Technische Universität Dortmund
75%
Exzellenzuniversität e-conversion,Munich Center for Quantum Science and Technology (MCQST), Munich Center for Quantum Science and Technology (MCQST), ORIGINS: Vom Ursprung des Universums bis zu den ersten Bausteinen des Lebens Technische Universität München
75%
Exzellenzcluster Der Ozeanboden – unerforschte Schnittstelle der Erde Universität Bremen
75%
Exzellenzcluster Mathematik Münster: Dynamik – Geometrie – Struktur,Religion und Politik. Dynamiken von Tradition und Innovation Universität Münster
75%
Exzellenzcluster Präzisionsmedizin für Chronische Entzündungserkrankungen (PMI),ROOTS – Social, Environmental, and Cultural Connectivity in Past Societies Christian-Albrechts-Universität zu Kiel
67%
Exzellenzcluster Cardio-Pulmonary Institute (CPI) Justus-Liebig-Universität Gießen
67%
Exzellenzuniversität e-conversion,Munich Center for Quantum Science and Technology (MCQST), Munich Center for Quantum Science and Technology (MCQST), ORIGINS: Vom Ursprung des Universums bis zu den ersten Bausteinen des Lebens Ludwig-Maximilians-Universität München (LMU)
67%
Exzellenzcluster POLiS - Post Lithium Storage Cluster of Excellence Universität Ulm
67%
Exzellenzclsuter Balance of the Microverse Friedrich-Schiller-Universität Jena
58%
Exzellenzcluster Komplexität und Topologie in Quantenmaterialien (CT.QMAT) Julius-Maximilians-Universität Würzburg
58%
Exzellenzcluster QuantumFrontiers - Licht und Materie an der Quantengrenze,Sustainable and Energy-Efficient Aviation – SE²A Technische Universität Braunschweig
58%
Exzellenzuniversität Die politische Dimension von Ungleichheit: Wahrnehmungen, Partizipation und Policies,Forschungskolleg Kollektives Verhalten Universität Konstanz
58%
Exzellenzcluster Africa Multiple: Reconfiguring African Studies Universität Bayreuth
50%
Exzellenzcluster Daten-integrierte Simulationswissenschaft (SimTech),Integratives computerbasiertes Planen und Bauen für die Architektur Universität Stuttgart
50%
Exzellenzcluster Hearing4all Carl von Ossietzky Universität Oldenburg
42%
Exzellenzverbund Temporal Communities. Literatur als Praxis in globaler Perspektive,Contestations of the Liberal Script (SCRIPTS), MATH+: Berlin Mathematics Research Center, NeuroCure Freie Universität Berlin
42%
Exzellenzverbund Science of Intelligence (SCIoI),NeuroCure, MATH+: Berlin Mathematics Research Center, Matters of Activity. Image Space Material Humboldt-Universität zu Berlin
42%
Exzellenzverbund Science of Intelligence (SCIoI),UniSysCat, MATH+: Berlin Mathematics Research Center Technische Universität Berlin
42%
Exzellenzcluster PhoenixD: Photonics, Optics, and Engineering – Innovation Across Disciplines,Hearing4all, QuantumFrontiers - Licht und Materie an der Quantengrenze Gottfried Wilhelm Leibniz Universität Hannover
8%
Exzellenzcluster RESIST - Resolving Infection Susceptibility,Hearing4all Medizinische Hochschule Hannover (MHH)
8%
Keine übereinstimmenden Quizze gefunden
Verteilung der Resultate
Anzahl Personen mit jedem Resultat
Perzentil nach korrekt beantworteten Fragen
Ihre Resultats-Entwicklung
Sie haben dieses Quiz noch nicht gespielt